000 00366nam a2200097Ia 4500
008 180130s9999 xx 000 0 und d
245 _cChang, Wan-Jing April
_aHuman resource management practices in Taiwan
260 _c2014
300 _aBook title: Managing human resources in Asia-Pacific--Acession number C18630; pages 98-125
650 _aPERSONNEL MANAGEMENT--ASIA
999 _c353814
_d353814